[Event "14th EUR-ch"]
[Site "Minsk BLR"]
[Date "2017.05.30"]
[Round "1.30"]
[White "Anton Guijarro, David"]
[Black "Pustovoitova, Daria"]
[Result "1-0"]
[WhiteElo "2660"]
[BlackElo "2420"]
[EventDate "2017.05.30"]
[PlyCount "91"]

1.Nf3 Nf6 2.c4 e6 3.g3 c5 4.Bg2 Nc6 5.O-O b6 6.d4 cxd4 7.Nxd4 Bb7 8.Nc3 a6
9.Bf4 Rc8 10.Rc1 Be7 11.Nxc6 Bxc6 12.e4 d6 13.Qd3 Nd7 14.Rfd1 Ne5 15.Qe2 
Ng6 16.Be3 O-O 17.b4 Ne5 18.c5 bxc5 19.bxc5 Qc7 20.f4 Nd7 21.cxd6 Bxd6 22.
Qxa6 Bc5 23.Qe2 Ba3 24.Nb5 Bxb5 25.Rxc7 Bxe2 26.Rdxd7 Rxc7 27.Rxc7 Rb8 28.
Bf1 Bf3 29.Bd3 h6 30.Kf2 Bd1 31.Bd4 Bb2 32.Ke3 Rb4 33.Rc4 Bxd4+ 34.Kxd4 
Rb2 35.Rc8+ Kh7 36.Rf8 Bh5 37.h3 g5 38.g4 Kg7 39.Ra8 e5+ 40.fxe5 Bg6 41.a4
h5 42.a5 Rb4+ 43.Ke3 Ra4 44.Ra7 Kf8 45.a6 Ra5 46.Rb7 1-0

[Event "14th EUR-ch"]
[Site "Minsk BLR"]
[Date "2017.05.30"]
[Round "1.32"]
[White "Riazantsev, Alexander"]
[Black "Elistratov, Semen"]
[Result "1-0"]
[WhiteElo "2659"]
[BlackElo "2417"]
[EventDate "2017.05.30"]
[PlyCount "121"]

1.Nf3 d5 2.e3 Nf6 3.c4 e6 4.b3 Bd6 5.Bb2 O-O 6.d4 b6 7.Bd3 Nbd7 8.O-O Bb7 
9.Qe2 a6 10.Ne5 c5 11.Nd2 Ne4 12.cxd5 Nxd2 13.Qxd2 Bxd5 14.Nxd7 Qxd7 15.
Qc2 h6 16.dxc5 Bxc5 17.Qc3 f6 18.Bc4 Bb7 19.Rfd1 Qc6 20.Bf1 Qe4 21.Qc4 Qc6
22.Rac1 a5 23.Qg4 Qe4 24.Qg3 Ba6 25.Bxa6 Rxa6 26.Rd7 Qh7 27.Qg4 Raa8 28.
Qxe6+ Kh8 29.h3 Qg6 30.Qd5 a4 31.Bd4 axb3 32.axb3 Ba3 33.Rcc7 Ra5 34.Qb7 
Rg5 35.Rxg7 Qb1+ 36.Kh2 Bd6+ 37.f4 Bxc7 38.Rxc7 Rgg8 39.Qf3 Rg6 40.Rb7 Qc2
41.Rxb6 Kh7 42.Rb7+ Kh8 43.Rb6 Kh7 44.f5 Rg5 45.e4 Rd8 46.Rb7+ Kg8 47.h4 
Qc6 48.hxg5 Qxb7 49.Bxf6 Re8 50.Qh5 Qf7 51.Qxh6 Qh7 52.Qxh7+ Kxh7 53.e5 
Rb8 54.Kh3 Rxb3+ 55.Kh4 Rb1 56.e6 Re1 57.g4 Re3 58.g6+ Kg8 59.Kg5 Re4 60.
Be7 Re5 61.Kf4 1-0

[Event "14th EUR-ch"]
[Site "Minsk BLR"]
[Date "2017.05.30"]
[Round "1.33"]
[White "Sipila, Vilka"]
[Black "Grachev, Boris"]
[Result "0-1"]
[WhiteElo "2415"]
[BlackElo "2658"]
[EventDate "2017.05.30"]
[PlyCount "68"]

1.d4 d5 2.c4 e6 3.Nc3 a6 4.cxd5 exd5 5.Nf3 c6 6.Qc2 Bd6 7.Bg5 Ne7 8.O-O-O 
f6 9.Bh4 b5 10.Bg3 Bb4 11.e3 Bf5 12.Bd3 Bxd3 13.Rxd3 O-O 14.Bxb8 Rxb8 15.
Kb1 a5 16.e4 Bxc3 17.Rxc3 dxe4 18.Qxe4 Qd7 19.Re3 Nd5 20.Qe6+ Qf7 21.Re2 
Rfe8 22.Qxf7+ Kxf7 23.Rc2 Nb4 24.Rd2 Re6 25.Rc1 Rd8 26.h4 h5 27.Rc5 Kg6 
28.g3 a4 29.Rc1 Nd5 30.Rdc2 Rdd6 31.Rd2 Kf5 32.Ne1 Re4 33.Ng2 Rde6 34.Rc5 
Kg4 0-1

[Event "14th EUR-ch"]
[Site "Minsk BLR"]
[Date "2017.05.30"]
[Round "1.34"]
[White "Kovalenko, Igor"]
[Black "Grib, Roman"]
[Result "1-0"]
[WhiteElo "2657"]
[BlackElo "2415"]
[EventDate "2017.05.30"]
[PlyCount "75"]

1.c4 Nf6 2.Nc3 d5 3.cxd5 Nxd5 4.Nf3 g6 5.g3 Nb6 6.d3 Bg7 7.Be3 Nc6 8.Qd2 
O-O 9.h4 h5 10.Bg2 e5 11.Bh6 Re8 12.Bxg7 Kxg7 13.Ng5 f6 14.Bxc6 bxc6 15.
Nge4 Qd4 16.Rc1 f5 17.Ng5 Bb7 18.Nd1 c5 19.Rf1 Rad8 20.Qc3 c4 21.dxc4 Na4 
22.Qxd4 exd4 23.Kd2 Nc5 24.f3 Rd6 25.Nf2 Ra6 26.Ra1 Rb6 27.b3 Rxb3 28.axb3
Nxb3+ 29.Kc2 Nxa1+ 30.Rxa1 Rxe2+ 31.Kd3 Rxf2 32.Rxa7 Bxf3 33.Rxc7+ Kf8 34.
Kxd4 Bg4 35.Ke5 Ke8 36.c5 Rg2 37.Kf6 Rxg3 38.Ne6 1-0

[Event "14th EUR-ch"]
[Site "Minsk BLR"]
[Date "2017.05.30"]
[Round "1.35"]
[White "Matnadze, Ana"]
[Black "Berkes, Ferenc"]
[Result "1/2-1/2"]
[WhiteElo "2413"]
[BlackElo "2654"]
[EventDate "2017.05.30"]
[PlyCount "80"]

1.d4 Nf6 2.Nf3 d6 3.g3 Nbd7 4.Bg2 e5 5.c4 c6 6.O-O e4 7.Ng5 d5 8.cxd5 cxd5
9.f3 h6 10.Nh3 exf3 11.exf3 Be7 12.Nc3 O-O 13.Nf4 Nb8 14.Qb3 Nc6 15.Ncxd5 
Nxd4 16.Nxe7+ Qxe7 17.Qc3 Nf5 18.Re1 Qd6 19.Be3 Nxe3 20.Qxe3 Re8 21.Qf2 
Bd7 22.Red1 Qe5 23.Rd4 Rac8 24.Rad1 Bf5 25.R4d2 b6 26.Bf1 Qc7 27.Ne2 Bd7 
28.Nc3 Re5 29.a4 Rc5 30.Nb5 Bxb5 31.Bxb5 Rc1 32.Rxc1 Qxc1+ 33.Kg2 h5 34.h4
Qc7 35.Qd4 Qb7 36.Qd3 Qe7 37.Ba6 Re8 38.Bb5 Rc8 39.Ba6 Re8 40.Bb5 Rc8 
1/2-1/2

[Event "14th EUR-ch"]
[Site "Minsk BLR"]
[Date "2017.05.30"]
[Round "1.36"]
[White "Jones, Gawain"]
[Black "Vega Gutierrez, Sabrina"]
[Result "1-0"]
[WhiteElo "2654"]
[BlackElo "2413"]
[EventDate "2017.05.30"]
[PlyCount "49"]

1.c4 e5 2.Nc3 d6 3.d4 exd4 4.Qxd4 Nc6 5.Qd2 g6 6.b3 Bg7 7.Bb2 Nf6 8.g3 O-O
9.Bg2 Re8 10.Nf3 Qd7 11.O-O b6 12.Nd5 Nxd5 13.Bxg7 Kxg7 14.cxd5 Ne7 15.Ng5
Ba6 16.Qd4+ f6 17.Ne6+ Kf7 18.Bh3 Nf5 19.Qf4 Rxe6 20.dxe6+ Qxe6 21.e4 Bxf1
22.exf5 Qe5 23.Qxe5 fxe5 24.fxg6+ hxg6 25.Bxf1 1-0

[Event "14th EUR-ch"]
[Site "Minsk BLR"]
[Date "2017.05.30"]
[Round "1.37"]
[White "Balashov, Yury"]
[Black "Siugirov, Sanan"]
[Result "1/2-1/2"]
[WhiteElo "2408"]
[BlackElo "2654"]
[EventDate "2017.05.30"]
[PlyCount "147"]

1.e4 c5 2.Nc3 d6 3.Bb5+ Bd7 4.a4 Nc6 5.d3 a6 6.Bxc6 Bxc6 7.a5 Nf6 8.f4 d5 
9.Qe2 e6 10.Nf3 c4 11.O-O cxd3 12.cxd3 Bb4 13.e5 Ng4 14.Nd4 Nh6 15.Nb3 d4 
16.Ne4 O-O 17.Bd2 Be7 18.Nbc5 b6 19.axb6 Qxb6 20.b4 Nf5 21.Rfc1 Rfd8 22.
Ng3 Nh4 23.Nge4 Bb5 24.Be1 Nf5 25.Bf2 Rac8 26.h3 Ne3 27.Rab1 Nf5 28.Ra1 
Ne3 29.Rab1 Nd5 30.Qd2 Nc7 31.Qb2 Qc6 32.Bxd4 Bxd3 33.Nd6 Bxb1 34.Nxc8 
Rxc8 35.Qxb1 Nd5 36.Nd3 Qb7 37.Rxc8+ Qxc8 38.Bc5 Bd8 39.Qa1 Qc6 40.Qd4 h6 
41.Nb2 Bh4 42.Kh2 Be1 43.Nd3 Bc3 44.Qc4 Bd2 45.Qd4 Bc3 46.Qc4 g6 47.Kg3 
Ne3 48.Qa2 Qe4 49.Qe2 Nf5+ 50.Kf2 Qc4 51.g4 Bd4+ 52.Bxd4 Qxd4+ 53.Ke1 Ng3 
54.Qf3 Ne4 55.Ke2 Nc3+ 56.Kd2 Nd5 57.f5 exf5 58.gxf5 gxf5 59.Qxf5 Qc3+ 60.
Ke2 Qc2+ 61.Kf3 Qd1+ 62.Ke4 Nc3+ 63.Kd4 Nb5+ 64.Ke3 Qg1+ 65.Qf2 Qh1 66.
Qg3+ Kh7 67.Qg4 Qf1 68.e6 fxe6 69.Qxe6 Qg1+ 70.Kd2 Qg2+ 71.Ke3 Qg5+ 72.Ke4
Qh4+ 73.Ke3 Qd4+ 74.Kd2 1/2-1/2

[Event "14th EUR-ch"]
[Site "Minsk BLR"]
[Date "2017.05.30"]
[Round "1.38"]
[White "Kravtsiv, Martyn"]
[Black "Nikitenko, Mihail"]
[Result "1-0"]
[WhiteElo "2653"]
[BlackElo "2408"]
[EventDate "2017.05.30"]
[PlyCount "109"]

1.e4 e5 2.Nf3 Nc6 3.d4 exd4 4.Nxd4 Bb4+ 5.c3 Bc5 6.Be3 Bb6 7.Nf5 g6 8.Bxb6
axb6 9.Ne3 Qe7 10.f3 Nf6 11.Be2 O-O 12.O-O Re8 13.Rf2 Qc5 14.Qd2 d6 15.Na3
Be6 16.Nb5 Re7 17.a3 Rf8 18.Rd1 Bb3 19.Rc1 d5 20.Nd4 Nxd4 21.cxd4 Qa5 22.
Qxa5 bxa5 23.e5 Ne8 24.Rc5 b6 25.Rc3 a4 26.Bb5 c5 27.Rxb3 axb3 28.Nxd5 Re6
29.Bd7 Ng7 30.Bxe6 Nxe6 31.dxc5 bxc5 32.Rd2 Kg7 33.Nc3 c4 34.Kf2 Nc5 35.
Ke3 Nd3 36.Kd4 Rc8 37.Ne4 Rc6 38.Kc3 Nc1 39.Kd4 Nd3 40.a4 h6 41.a5 g5 42.
Kc3 Nc1 43.Rd6 Rc8 44.a6 Na2+ 45.Kd2 Nb4 46.a7 Ra8 47.Kc3 Na2+ 48.Kxc4 
Rxa7 49.Kxb3 Nc1+ 50.Kc4 Ne2 51.b4 Nf4 52.b5 Ng6 53.e6 fxe6 54.b6 Ra1 55.
b7 1-0

[Event "14th EUR-ch"]
[Site "Minsk BLR"]
[Date "2017.05.30"]
[Round "1.39"]
[White "Sadovsky, Artem"]
[Black "Khismatullin, Denis"]
[Result "0-1"]
[WhiteElo "2407"]
[BlackElo "2651"]
[EventDate "2017.05.30"]
[PlyCount "78"]

1.Nf3 c5 2.g3 g6 3.d4 cxd4 4.Nxd4 Bg7 5.Bg2 Nc6 6.Nxc6 bxc6 7.O-O Rb8 8.c4
Rxb2 9.Bxb2 Bxb2 10.Nd2 Bxa1 11.Qxa1 Nf6 12.Ne4 O-O 13.Nxf6+ exf6 14.Qc3 
Re8 15.e3 Re5 16.c5 d5 17.cxd6 Qxd6 18.Qxc6 Qxc6 19.Bxc6 Be6 20.a3 Rc5 21.
Bg2 a5 22.Ra1 a4 23.Kf1 Rc2 24.Ke1 f5 25.Bf1 Kg7 26.Bd3 Rb2 27.Be2 Kf6 28.
Bd1 Bb3 29.Bf3 g5 30.Bc6 Ke5 31.Bf3 f4 32.exf4+ gxf4 33.gxf4+ Kxf4 34.Bd1 
Ke4 35.Be2 Kd4 36.Bg4 Bc2 37.Bh5 Kc3 38.Rc1 Kb3 39.Bxf7+ Kxa3 0-1

[Event "14th EUR-ch"]
[Site "Minsk BLR"]
[Date "2017.05.30"]
[Round "1.40"]
[White "Sargissian, Gabriel"]
[Black "Koksal, Ege"]
[Result "1/2-1/2"]
[WhiteElo "2650"]
[BlackElo "2405"]
[EventDate "2017.05.30"]
[PlyCount "82"]

1.e4 e5 2.Nf3 Nc6 3.Bc4 Bc5 4.O-O Nf6 5.d3 O-O 6.Bg5 h6 7.Bh4 Be7 8.a4 d6 
9.Nbd2 Nh7 10.Bg3 Ng5 11.h3 Be6 12.c3 Qd7 13.Re1 Rad8 14.b4 Nxf3+ 15.Nxf3 
Bxc4 16.dxc4 a5 17.b5 Nb8 18.c5 Qe6 19.Qd5 Qxd5 20.exd5 dxc5 21.Bxe5 Bd6 
22.b6 Bxe5 23.Nxe5 cxb6 24.Rad1 Rfe8 25.Nc4 Rxe1+ 26.Rxe1 Nd7 27.Rb1 Nf6 
28.Nxb6 Ne4 29.Rb5 Nxc3 30.Rxc5 Rd6 31.Rxc3 Rxb6 32.Rc8+ Kh7 33.Rc5 Rb1+ 
34.Kh2 b6 35.Rc8 Rd1 36.Rd8 Rd4 37.Rd6 Rxa4 38.Rxb6 Rd4 39.d6 a4 40.Ra6 a3
41.Rxa3 Rxd6 1/2-1/2

[Event "14th EUR-ch"]
[Site "Minsk BLR"]
[Date "2017.05.30"]
[Round "1.41"]
[White "Tikhonov, Yury"]
[Black "Swiercz, Dariusz"]
[Result "0-1"]
[WhiteElo "2402"]
[BlackElo "2649"]
[EventDate "2017.05.30"]
[PlyCount "68"]

1.d4 Nf6 2.Nf3 e6 3.Bg5 h6 4.Bh4 c5 5.e3 b6 6.Be2 cxd4 7.Nxd4 Bb7 8.O-O 
Nc6 9.c4 Nxd4 10.Qxd4 Bc5 11.Qd1 O-O 12.Nc3 Be7 13.Rc1 Rc8 14.Nb5 d5 15.
Nxa7 Ra8 16.Nb5 Rxa2 17.Qb3 Ra8 18.Rfd1 Ne4 19.Bxe7 Qxe7 20.Nd4 dxc4 21.
Bxc4 Rab8 22.f3 Nc5 23.Qc2 Rfd8 24.b4 Nd7 25.Qb3 Ne5 26.Be2 Rbc8 27.Rxc8 
Rxc8 28.Kf2 Bd5 29.Qb2 Nc4 30.Bxc4 Rxc4 31.b5 Qc7 32.Kg1 Qc5 33.Rd2 e5 34.
Nf5 Be6 0-1

[Event "14th EUR-ch"]
[Site "Minsk BLR"]
[Date "2017.05.30"]
[Round "1.42"]
[White "Volokitin, Andrei"]
[Black "Polivanov, Anatoliy"]
[Result "1-0"]
[WhiteElo "2649"]
[BlackElo "2401"]
[EventDate "2017.05.30"]
[PlyCount "105"]

1.e4 c5 2.Nf3 e6 3.d4 cxd4 4.Nxd4 Nf6 5.Nc3 Nc6 6.Ndb5 Bc5 7.Bf4 O-O 8.Bc7
Qe7 9.Bd6 Bxd6 10.Qxd6 Qd8 11.O-O-O a6 12.Nd4 Ne7 13.g4 b5 14.g5 Ne8 15.
Qg3 Bb7 16.Bg2 Rc8 17.a3 Qb6 18.h4 Rc4 19.Nb3 d5 20.Qe3 Qxe3+ 21.fxe3 dxe4
22.Rd7 Rc7 23.Nc5 Bc6 24.Rd8 a5 25.N3xe4 Bxe4 26.Nxe4 Nd5 27.Kd2 f5 28.Nf2
Nb6 29.b3 Rd7+ 30.Rxd7 Nxd7 31.Ke2 Ne5 32.Rd1 Kf7 33.Nd3 Nxd3 34.Rxd3 Ke7 
35.Rc3 Kd8 36.Rc5 Nd6 37.a4 bxa4 38.bxa4 Rf7 39.Rxa5 Rc7 40.Kd3 Rd7 41.Bc6
Rc7 42.Ra6 Nf7 43.Kd4 Ke7 44.c4 e5+ 45.Kd3 Nd8 46.Bd5 Nb7 47.Re6+ Kd7 48.
Rxe5 Nc5+ 49.Kd4 g6 50.Bc6+ Rxc6 51.Rxc5 Re6 52.Re5 Rb6 53.Rb5 1-0

[Event "14th EUR-ch"]
[Site "Minsk BLR"]
[Date "2017.05.30"]
[Round "1.43"]
[White "Podolchenko, Evgeniy"]
[Black "Sutovsky, Emil"]
[Result "0-1"]
[WhiteElo "2398"]
[BlackElo "2646"]
[EventDate "2017.05.30"]
[PlyCount "84"]

1.b3 e5 2.Bb2 Nc6 3.e3 Nge7 4.c4 g6 5.b4 Bg7 6.b5 Na5 7.Nf3 d6 8.d4 Bg4 9.
dxe5 Bxf3 10.gxf3 Bxe5 11.Qd2 c6 12.f4 Bxb2 13.Qxb2 O-O 14.Nd2 d5 15.Rd1 
Qb6 16.Be2 Nxc4 17.Bxc4 dxc4 18.Ne4 Qa5+ 19.Kf1 Nd5 20.Rxd5 cxd5 21.Nf6+ 
Kh8 22.Qe5 Qxb5 23.Kg2 Qc6 24.Qd4 Qb6 25.Qe5 d4 26.e4 Qe6 27.Qg5 Rfe8 28.
Rb1 Qc6 29.Rxb7 Qxb7 30.Qh6 Qxe4+ 31.Nxe4 Rxe4 32.f5 c3 33.f3 Re2+ 34.Kf1 
Rd2 35.fxg6 fxg6 36.Qf4 Re8 37.Qf7 Rde2 38.Qf6+ Kg8 39.Qxd4 c2 40.Qd5+ 
R8e6 41.Qd8+ Kg7 42.Qd4+ R6e5 0-1

[Event "14th EUR-ch"]
[Site "Minsk BLR"]
[Date "2017.05.30"]
[Round "1.44"]
[White "Lysyj, Igor"]
[Black "Schekachikhin, Maksim"]
[Result "1/2-1/2"]
[WhiteElo "2643"]
[BlackElo "2395"]
[EventDate "2017.05.30"]
[PlyCount "69"]

1.d4 d5 2.c4 c6 3.Nf3 Nf6 4.e3 Bf5 5.Nc3 e6 6.Nh4 Be4 7.f3 Bg6 8.Qb3 Qc7 
9.Bd2 Be7 10.g3 Bh5 11.O-O-O a5 12.g4 a4 13.Qc2 Nxg4 14.fxg4 Bxg4 15.Be1 
Bxd1 16.Nxd1 a3 17.b3 dxc4 18.Bxc4 Na6 19.Rg1 b5 20.Bd3 Bxh4 21.Bxh4 Nb4 
22.Qd2 Nxd3+ 23.Qxd3 Qxh2 24.Qe4 Rc8 25.Rxg7 c5 26.d5 c4 27.b4 Qxa2 28.
dxe6 Qa1+ 29.Kd2 Qxg7 30.exf7+ Kd7 31.Qd5+ Kc7 32.Qc5+ Kd7 33.Qd5+ Kc7 34.
Qc5+ Kd7 35.Qd5+ 1/2-1/2

[Event "14th EUR-ch"]
[Site "Minsk BLR"]
[Date "2017.05.30"]
[Round "1.46"]
[White "Shimanov, Aleksandr"]
[Black "Ofitserian, Boris"]
[Result "1-0"]
[WhiteElo "2642"]
[BlackElo "2391"]
[EventDate "2017.05.30"]
[PlyCount "39"]

1.Nf3 Nf6 2.c4 c5 3.Nc3 d5 4.cxd5 Nxd5 5.e3 Nc6 6.Bb5 Nxc3 7.bxc3 Bd7 8.
Rb1 a6 9.Be2 Rb8 10.d4 Bf5 11.Bd3 Bxd3 12.Qxd3 e6 13.O-O Be7 14.e4 O-O 15.
d5 Bd6 16.c4 Re8 17.Rd1 exd5 18.cxd5 Nb4 19.Qe2 Nxd5 20.Rxd5 1-0

[Event "14th EUR-ch"]
[Site "Minsk BLR"]
[Date "2017.05.30"]
[Round "1.47"]
[White "Abdulov, Orkhan"]
[Black "Lenic, Luka"]
[Result "0-1"]
[WhiteElo "2388"]
[BlackElo "2641"]
[EventDate "2017.05.30"]
[PlyCount "62"]

1.e4 e5 2.Nf3 Nc6 3.d4 exd4 4.Nxd4 Nf6 5.Nxc6 bxc6 6.e5 Qe7 7.Qe2 Nd5 8.c4
Nb6 9.Nc3 Qe6 10.Bd2 Ba6 11.b3 O-O-O 12.f4 f6 13.Qe4 Bb7 14.O-O-O Re8 15.
Re1 fxe5 16.fxe5 g6 17.a4 a5 18.Bd3 Bg7 19.Bf4 d6 20.Bg3 dxe5 21.Qe3 h5 
22.Kc2 h4 23.Bf2 e4 24.Qxe4 Qf6 25.Qg4+ Kb8 26.Nd1 Qa1 27.Qxg6 Reg8 28.
Bxb6 Qa2+ 29.Kc1 Bh6+ 30.Qxh6 Rxh6 31.Be3 Rxg2 0-1

[Event "14th EUR-ch"]
[Site "Minsk BLR"]
[Date "2017.05.30"]
[Round "1.48"]
[White "Solak, Dragan"]
[Black "Meribanov, Vitaly"]
[Result "1-0"]
[WhiteElo "2641"]
[BlackElo "2385"]
[EventDate "2017.05.30"]
[PlyCount "114"]

1.e4 c5 2.Nf3 Nc6 3.Bb5 g6 4.Bxc6 bxc6 5.O-O Bg7 6.Re1 Nh6 7.c3 O-O 8.d4 
cxd4 9.cxd4 d5 10.e5 f6 11.exf6 exf6 12.Nbd2 g5 13.h3 Bf5 14.Nb3 Nf7 15.
Nc5 Re8 16.Bd2 Nd6 17.Rxe8+ Qxe8 18.Qa4 Bf8 19.Re1 Qc8 20.Nh2 Nc4 21.Bc3 
Bd6 22.Ng4 Kg7 23.Qd1 h5 24.Nxf6 Kxf6 25.b3 Na3 26.Qxh5 Nb5 27.Bb2 Bxc5 
28.dxc5+ d4 29.Bc1 Qg8 30.h4 Qg6 31.Bxg5+ Kf7 32.Re7+ Kg8 33.Qe2 Nc3 34.
Qe5 Nd5 35.Rxa7 Rxa7 36.Qb8+ Kg7 37.Qxa7+ Qf7 38.Qb8 Qc7 39.Qe8 d3 40.a4 
Nf6 41.Qe3 Ng4 42.Qd4+ Kf7 43.Qf4 Qxf4 44.Bxf4 Nf6 45.f3 Nd7 46.b4 Ne5 47.
Kf2 Nc4 48.g4 Bc8 49.h5 Kf6 50.Ke1 Ba6 51.Bd2 Bc8 52.g5+ Kf5 53.g6 Kf6 54.
Bc3+ Kg5 55.g7 Be6 56.b5 cxb5 57.axb5 Kxh5 1-0

[Event "14th EUR-ch"]
[Site "Minsk BLR"]
[Date "2017.05.30"]
[Round "1.49"]
[White "Tunik, Gennady"]
[Black "Edouard, Romain"]
[Result "0-1"]
[WhiteElo "2384"]
[BlackElo "2640"]
[EventDate "2017.05.30"]
[PlyCount "120"]

1.d4 Nf6 2.c4 e6 3.Nf3 c5 4.g3 cxd4 5.Nxd4 d5 6.Bg2 e5 7.Nf3 d4 8.O-O Nc6 
9.e3 Be7 10.exd4 exd4 11.Bg5 O-O 12.Nbd2 Be6 13.a3 a5 14.b3 Bf5 15.Re1 h6 
16.Bxf6 Bxf6 17.c5 d3 18.Rb1 Ne7 19.Ne4 Bxe4 20.Rxe4 Nd5 21.Qxd3 Nc3 22.
Qc2 Nxb1 23.Qxb1 Qd7 24.Qc2 Rfd8 25.Bf1 Rac8 26.b4 b6 27.Kg2 axb4 28.axb4 
bxc5 29.bxc5 Qc6 30.h4 Rd5 31.Rc4 h5 32.Bd3 Rxc5 33.Rxc5 Qxc5 34.Qe2 Rb8 
35.Nd2 Qd5+ 36.Ne4 Bd4 37.Bc4 Qc6 38.Qd3 Rb4 39.Ba2 Kf8 40.Qf3 Qb7 41.Ng5 
Qxf3+ 42.Kxf3 Bxf2 43.Bxf7 Bxg3 44.Bxh5 Bxh4 45.Ne4 Ke7 46.Bg4 Bf6 47.Bf5 
Be5 48.Bc8 g6 49.Bg4 Rb3+ 50.Ke2 Bd4 51.Nd2 Re3+ 52.Kf2 Rd3+ 53.Ke2 Rg3 
54.Bf3 Ke6 55.Bb7 Kf5 56.Nf3 Bb6 57.Nh4+ Kg5 58.Ng2 Rc3 59.Be4 Rb3 60.Bc6 
Kg4 0-1

[Event "14th EUR-ch"]
[Site "Minsk BLR"]
[Date "2017.05.30"]
[Round "1.50"]
[White "Ivanisevic, Ivan"]
[Black "Saraci, Nderim"]
[Result "1-0"]
[WhiteElo "2638"]
[BlackElo "2383"]
[EventDate "2017.05.30"]
[PlyCount "65"]

1.d4 Nf6 2.Bg5 d5 3.Nd2 c6 4.e3 e6 5.Bd3 Nbd7 6.f4 Be7 7.c3 h6 8.Bh4 c5 9.
Ngf3 c4 10.Bc2 Ng4 11.Bxe7 Qxe7 12.Qe2 f5 13.Ne5 Ngxe5 14.dxe5 Nc5 15.Nf3 
Bd7 16.Nd4 a6 17.g4 g6 18.Kd2 O-O-O 19.Rag1 fxg4 20.Rxg4 g5 21.Qg2 gxf4 
22.exf4 Rdf8 23.Rf1 Kb8 24.Qg3 h5 25.Rg7 Qd8 26.f5 Qb6 27.b4 cxb3 28.axb3 
Bb5 29.Rf4 exf5 30.e6 Ka7 31.e7 Re8 32.Rg6 Qc7 33.Nxb5+ 1-0

[Event "14th EUR-ch"]
[Site "Minsk BLR"]
[Date "2017.05.30"]
[Round "1.51"]
[White "Mochalov, Evgeny"]
[Black "Bartel, Mateusz"]
[Result "1/2-1/2"]
[WhiteElo "2378"]
[BlackElo "2637"]
[EventDate "2017.05.30"]
[PlyCount "86"]

1.d4 Nf6 2.c4 g6 3.g3 Bg7 4.Bg2 O-O 5.Nf3 b6 6.Ne5 c6 7.Nc3 Bb7 8.O-O d6 
9.Nf3 Nbd7 10.b3 Re8 11.Bb2 e5 12.dxe5 dxe5 13.Ng5 Qc7 14.Nge4 Re6 15.b4 
Rb8 16.Bh3 Nxe4 17.Nxe4 f5 18.c5 Re7 19.Qb3+ Kh8 20.Nd6 bxc5 21.Nf7+ Rxf7 
22.Qxf7 Rf8 23.Qe7 Bf6 24.Qe6 cxb4 25.Rac1 c5 26.Rfd1 Nb6 27.Qd6 Qxd6 28.
Rxd6 c4 29.Rxb6 axb6 30.Rxc4 Rd8 31.Rxb4 Rd6 32.f4 Rd1+ 33.Kf2 Be7 34.
Bxe5+ Kg8 35.Rb2 Ba3 36.Rc2 Rh1 37.Ke3 Rxh2 38.Rc7 Bd5 39.Rg7+ Kf8 40.Rxh7
Bxa2 41.g4 Bc1+ 42.Kf3 fxg4+ 43.Kxg4 Be6+ 1/2-1/2

[Event "14th EUR-ch"]
[Site "Minsk BLR"]
[Date "2017.05.30"]
[Round "1.52"]
[White "Kuzubov, Yuriy"]
[Black "Stathopoulos, Ioannis"]
[Result "1-0"]
[WhiteElo "2637"]
[BlackElo "2376"]
[EventDate "2017.05.30"]
[PlyCount "59"]

1.g3 e5 2.c4 Nf6 3.Bg2 Nc6 4.Nc3 Bb4 5.e4 O-O 6.Nge2 d6 7.O-O a6 8.h3 Bc5 
9.d3 b5 10.Kh1 Be6 11.b3 Nd7 12.f4 f6 13.f5 Bf7 14.g4 Nd4 15.Ng3 g5 16.
fxg6 hxg6 17.Bh6 Re8 18.h4 Ne6 19.g5 fxg5 20.Qf3 Rf8 21.hxg5 Nxg5 22.Qg4 
Be3 23.Bh3 Nf6 24.Qxg5 Bxg5 25.Bxg5 Nh5 26.Bxd8 Nxg3+ 27.Kg2 Nxf1 28.Bg5 
bxc4 29.dxc4 c6 30.Rxf1 1-0

[Event "14th EUR-ch"]
[Site "Minsk BLR"]
[Date "2017.05.30"]
[Round "1.53"]
[White "Arabidze, Meri"]
[Black "Oleksiyenko, Mykhaylo"]
[Result "1-0"]
[WhiteElo "2374"]
[BlackElo "2636"]
[EventDate "2017.05.30"]
[PlyCount "197"]

1.d4 d5 2.c4 c6 3.cxd5 cxd5 4.Nc3 Nf6 5.Bf4 Nc6 6.Nf3 Nh5 7.Bd2 e6 8.e3 f5
9.h3 Nf6 10.g4 Bd6 11.gxf5 exf5 12.Qb3 Ne7 13.Bb5+ Kf8 14.Ne5 Be6 15.Ne2 
Ng6 16.Bb4 Kg8 17.Bxd6 Qxd6 18.f4 Nh4 19.Nc3 h6 20.Be2 Kh7 21.Rg1 Qe7 22.
O-O-O Rhc8 23.Kb1 Rab8 24.Rc1 a6 25.Qd1 Ne4 26.Nxe4 dxe4 27.Qd2 Bd5 28.Qa5
Qd6 29.Bc4 Bxc4 30.Nxc4 Qf8 31.Ne5 Qd6 32.Nc4 Qf6 33.Qe5 Rf8 34.Qxf6 Rxf6 
35.Ne5 Rg8 36.Rc7 b5 37.Kc2 Ng6 38.Nxg6 Rxg6 39.Rxg6 Kxg6 40.Rc6+ Kh5 41.
Rxa6 g5 42.Rf6 gxf4 43.Rxf5+ Kh4 44.Rxf4+ Kxh3 45.Rxe4 h5 46.Re7 h4 47.Rh7
Kg3 48.d5 h3 49.Kd3 Rg4 50.e4 Rh4 51.Rxh4 Kxh4 52.d6 h2 53.d7 h1=Q 54.
d8=Q+ Kg4 55.Qg8+ Kf4 56.Qf7+ Kg3 57.Qg6+ Kf3 58.Qf5+ Kg3 59.Qg5+ Kf3 60.
Qe3+ Kg4 61.Qe2+ Kf4 62.Kc2 Qg1 63.Qd2+ Kxe4 64.Qb4+ Kd5 65.Qxb5+ Kd6 66.
a4 Kc7 67.Kb3 Qe3+ 68.Ka2 Qe6+ 69.Qb3 Qf5 70.Qb5 Qe6+ 71.b3 Qd6 72.Qc4+ 
Kb6 73.Qc3 Ka7 74.b4 Qe6+ 75.Ka3 Ka8 76.Qh8+ Ka7 77.Qg7+ Ka8 78.Qc3 Ka7 
79.a5 Qe2 80.Qc7+ Ka8 81.Qc8+ Ka7 82.Qc3 Kb7 83.Qg7+ Ka8 84.Qg8+ Ka7 85.
Qf7+ Kb8 86.Qd5 Ka7 87.Ka4 Qg4 88.Qf7+ Kb8 89.Qf8+ Kb7 90.Qd6 Qe4 91.Qd7+ 
Kb8 92.Qb5+ Ka8 93.Qa6+ Kb8 94.Qb6+ Ka8 95.Qc5 Qe8+ 96.Ka3 Qe4 97.Qc3 Qd5 
98.Qc8+ Ka7 99.Qc5+ 1-0

[Event "14th EUR-ch"]
[Site "Minsk BLR"]
[Date "2017.05.30"]
[Round "1.54"]
[White "Romanov, Evgeny"]
[Black "Charochkina, Daria"]
[Result "1-0"]
[WhiteElo "2636"]
[BlackElo "2370"]
[EventDate "2017.05.30"]
[PlyCount "67"]

1.d4 d5 2.Nf3 Nf6 3.c4 c6 4.Qb3 dxc4 5.Qxc4 Bg4 6.Nc3 Nbd7 7.Bd2 Nb6 8.Qd3
Nbd5 9.a3 Bh5 10.Ne5 Nxc3 11.Bxc3 Nd7 12.Qh3 Nxe5 13.dxe5 Bg6 14.e6 fxe6 
15.Rd1 Qc7 16.e3 h5 17.Bc4 Bf5 18.Qh4 e5 19.e4 Bg4 20.f3 Bd7 21.Qg5 O-O-O 
22.O-O Qb6+ 23.Kh1 Qc5 24.Ba2 Rh6 25.Bxe5 Rd6 26.Rc1 Qa5 27.b4 Qxa3 28.
Bxd6 exd6 29.Qd2 Kb8 30.Bc4 d5 31.Qf4+ Ka8 32.Qc7 Rb8 33.exd5 cxd5 34.Bxd5
1-0

[Event "14th EUR-ch"]
[Site "Minsk BLR"]
[Date "2017.05.30"]
[Round "1.55"]
[White "Erenberg, Ariel"]
[Black "Savchenko, Boris"]
[Result "1/2-1/2"]
[WhiteElo "2370"]
[BlackElo "2634"]
[EventDate "2017.05.30"]
[PlyCount "95"]

1.d4 d5 2.c4 e6 3.Nc3 Be7 4.Nf3 Nf6 5.g3 h5 6.h3 c5 7.cxd5 Nxd5 8.Nxd5 
exd5 9.dxc5 Na6 10.Bg2 Nxc5 11.Be3 Qa5+ 12.Qd2 Nd3+ 13.Kf1 Qxd2 14.Nxd2 
Nb4 15.Nb3 Nc2 16.Rc1 Nxe3+ 17.fxe3 Bd6 18.Kf2 h4 19.gxh4 Be7 20.Rhd1 
Bxh4+ 21.Kf1 Rh5 22.Rxd5 Rxd5 23.Bxd5 Bxh3+ 24.Kg1 Bd8 25.Bxb7 Rb8 26.Bd5 
Rb6 27.Rc6 Ke7 28.Rxb6 Bxb6 29.Kf2 g5 30.Nd4 Bd7 31.b4 g4 32.Be4 Kf6 33.
Bc6 Bxc6 34.Nxc6 Ke6 35.a4 Kd5 36.b5 a5 37.Ne7+ Ke4 38.Nc8 Bd8 39.Kg3 f5 
40.Nd6+ Kxe3 41.Nxf5+ Kxe2 42.Kxg4 Kd3 43.Nd6 Kc3 44.Kf5 Kb4 45.Ke6 Kxa4 
46.Kd7 Bb6 47.Kc6 Ba7 48.Nc4 1/2-1/2

[Event "14th EUR-ch"]
[Site "Minsk BLR"]
[Date "2017.05.30"]
[Round "1.56"]
[White "Blubaum, Matthias"]
[Black "Lavrov, Maxim"]
[Result "1/2-1/2"]
[WhiteElo "2632"]
[BlackElo "2369"]
[EventDate "2017.05.30"]
[PlyCount "138"]

1.d4 Nf6 2.c4 g6 3.Nc3 Bg7 4.e4 d6 5.h3 O-O 6.Be3 e5 7.d5 c6 8.g4 Na6 9.
Nf3 h5 10.g5 Nh7 11.Rg1 Re8 12.Nd2 Bf8 13.h4 Nc7 14.Be2 Bg7 15.Nf1 cxd5 
16.exd5 Nf8 17.Ng3 a6 18.a4 a5 19.Nce4 Na6 20.Bxh5 gxh5 21.Nxh5 Ng6 22.
Nhf6+ Kf8 23.Nh7+ Ke7 24.c5 Rh8 25.cxd6+ Ke8 26.Nef6+ Bxf6 27.Nxf6+ Kf8 
28.h5 Qxd6 29.hxg6 fxg6 30.Qb3 Bf5 31.Qb6 Qb4+ 32.Qxb4+ Nxb4 33.Bc5+ Kf7 
34.Bxb4 axb4 35.Ke2 Rac8 36.Rac1 Ke7 37.Ke3 Kd6 38.b3 Bc2 39.Rg4 Bxb3 40.
Rxc8 Rxc8 41.Rxb4 Bxd5 42.Nxd5 Kxd5 43.Rxb7 Rc3+ 44.Kd2 Ra3 45.Rb6 Ra2+ 
46.Ke3 Ra3+ 47.Ke2 Ke4 48.Rxg6 Kf5 49.Ra6 Kxg5 50.a5 Kf5 51.Ra8 Ke4 52.a6 
Ra2+ 53.Ke1 Ra1+ 54.Ke2 Ra2+ 55.Kf1 Kf3 56.Rf8+ Kg4 57.Rf6 e4 58.Ke1 Kg5 
59.Rc6 Kf4 60.Kd1 Ke5 61.Ke1 Kf4 62.Rb6 e3 63.fxe3+ Kxe3 64.Kd1 Kd4 65.Rc6
Kd5 66.Rf6 Kc5 67.Kc1 Kb5 68.Kb1 Rxa6 69.Rxa6 Kxa6 1/2-1/2

[Event "14th EUR-ch"]
[Site "Minsk BLR"]
[Date "2017.05.30"]
[Round "1.57"]
[White "Apryshko, Gleb"]
[Black "Lupulescu, Constantin"]
[Result "0-1"]
[WhiteElo "2368"]
[BlackElo "2631"]
[EventDate "2017.05.30"]
[PlyCount "72"]

1.e4 c6 2.Nf3 d5 3.Nc3 Bg4 4.h3 Bxf3 5.Qxf3 Nf6 6.d3 e6 7.Bd2 d4 8.Ne2 c5 
9.e5 Nd5 10.Nf4 Nc6 11.Nxd5 Nxe5 12.Nf6+ gxf6 13.Qxb7 Rb8 14.Qxa7 Rxb2 15.
Qa4+ Qd7 16.Qxd7+ Kxd7 17.Kd1 Bd6 18.Be2 Rhb8 19.Rf1 Rb1+ 20.Rxb1 Rxb1+ 
21.Bc1 Ra1 22.f4 Nc6 23.a3 Ne7 24.Kd2 Nd5 25.Bb2 Rxf1 26.Bxf1 Bxf4+ 27.Ke2
f5 28.g4 fxg4 29.hxg4 Bg5 30.Kf3 Nb6 31.Kg3 Na4 32.Ba1 h6 33.Be2 Bc1 34.
Bd1 Bxa3 35.c4 Nb6 36.Bf3 Nc8 0-1

[Event "14th EUR-ch"]
[Site "Minsk BLR"]
[Date "2017.05.30"]
[Round "1.58"]
[White "Yilmaz, Mustafa"]
[Black "Erturan, Yakup"]
[Result "1-0"]
[WhiteElo "2630"]
[BlackElo "2367"]
[EventDate "2017.05.30"]
[PlyCount "63"]

1.d4 Nf6 2.c4 g6 3.Nc3 d5 4.Bg5 Ne4 5.Bh4 Nxc3 6.bxc3 dxc4 7.e3 Bg7 8.Bxc4
O-O 9.Nf3 c5 10.O-O Nc6 11.Qe2 Qc7 12.Bg3 e5 13.Bd5 Bg4 14.Qb5 Bxf3 15.
Bxf3 cxd4 16.cxd4 Qb6 17.Qxb6 axb6 18.dxe5 Rfe8 19.Rab1 Rxa2 20.Rxb6 Nxe5 
21.Bxb7 Rd8 22.Rb5 Re8 23.Rd1 Ra7 24.h3 Bf6 25.Bd5 g5 26.Rdb1 Kg7 27.f4 
gxf4 28.exf4 Ng6 29.Bf2 Ra1 30.Rxa1 Bxa1 31.g3 h5 32.h4 1-0